[Event "Wch U10 blitz"]
[Site "Minsk"]
[Date "2018.06.24"]
[Round "5"]
[White "Maslau, Ivan"]
[Black "Pershin, Patrik"]
[Result "0-1"]
[WhiteElo "1372"]
[BlackElo "1695"]
[PlyCount "56"]
[EventDate "2018.06.24"]
[EventType "swiss (blitz)"]
[EventRounds "9"]
[EventCountry "BLR"]
[SourceTitle "EXT 2019"]
[Source "ChessBase"]
[SourceDate "2018.10.10"]
[SourceVersion "1"]
[SourceVersionDate "2018.10.10"]
[SourceQuality "1"]

1. g4 d5 2. Bg2 c6 3. h3 h5 4. g5 g6 5. d4 Bg7 6. c3 Bf5 7. Nd2 Nd7 8. f3 e5 9. e4 Be6 10. exd5 Bxd5 11. Ne2 exd4 12. Nxd4 Qxg5 13. Qe2+ Qe7 14. Qxe7+ Nxe7 15. N2b3 0-0 16. Bf4 Rfe8 17. 0-0-0 Nf5 18. Nxf5 gxf5 19. Kb1 Re7 20. Bd6 Re6 21. Bf4 b5 22. Nd4 Bxd4 23. Rxd4 Rg6 24. Rh2 Re8 25. Rd2 Nc5 26. h4 Re1+ 27. Kc2 Bxa2 28. Bh3 Bb3# 0-1

[Event "Wch U10 blitz"]
[Site "Minsk"]
[Date "2018.06.24"]
[Round "6"]
[White "Pershin, Patrik"]
[Black "Loparev, Iliya"]
[Result "1-0"]
[WhiteElo "1695"]
[BlackElo "1461"]
[PlyCount "59"]
[EventDate "2018.06.24"]
[EventType "swiss (blitz)"]
[EventRounds "9"]
[EventCountry "BLR"]
[SourceTitle "EXT 2019"]
[Source "ChessBase"]
[SourceDate "2018.10.10"]
[SourceVersion "1"]
[SourceVersionDate "2018.10.10"]
[SourceQuality "1"]

1. d4 d5 2. c4 e6 3. Nc3 Nf6 4. cxd5 exd5 5. Bg5 Be7 6. e3 c5 7. dxc5 Be6 8. Nf3 Bxc5 9. Bb5+ Nc6 10. Nd4 Bxd4 11. Qxd4 a6 12. Bxc6+ bxc6 13. 0-0 Rb8 14. b4 0-0 15. Na4 h6 16. Bh4 g5 17. Bg3 Rb7 18. Nc5 Rb8 19. Bxb8 Qxb8 20. Qxf6 Qxb4 21. Nxe6 fxe6 22. Qg6+ Kh8 23. Qxh6+ Kg8 24. Qxe6+ Kh8 25. Rab1 Qh4 26. Qe5+ Kg8 27. Rb7 Rf7 28. Qe8+ Rf8 29. Qg6+ Kh8 30. Qg7# 1-0

[Event "Wch U10 rapid"]
[Site "Minsk"]
[Date "2018.06.23"]
[Round "6"]
[White "Ermakov, Maksim"]
[Black "Pershin, Patrik"]
[Result "1-0"]
[WhiteElo "1534"]
[BlackElo "1653"]
[PlyCount "109"]
[EventDate "2018.06.22"]
[EventType "swiss (rapid)"]
[EventRounds "9"]
[EventCountry "BLR"]
[SourceTitle "EXT 2019"]
[Source "ChessBase"]
[SourceDate "2018.10.10"]
[SourceVersion "1"]
[SourceVersionDate "2018.10.10"]
[SourceQuality "1"]

1. d4 d5 2. Nf3 Nf6 3. e3 Bg4 4. c4 Bxf3 5. Qxf3 e6 6. Nc3 c6 7. Bd3 Nbd7 8. 0-0 Bb4 9. Re1 0-0 10. a3 Bxc3 11. bxc3 h6 12. cxd5 cxd5 13. c4 Rc8 14. cxd5 exd5 15. Bd2 Re8 16. Rab1 Nb6 17. Bf5 Rc7 18. Rec1 Nc4 19. Bb4 a5 20. Be1 Nxa3 21. Ra1 Rxc1 22. Rxc1 Nc4 23. Rb1 Qc7 24. Bd3 Rb8 25. Bxc4 dxc4 26. Qf5 b6 27. Qb5 Nd7 28. Rc1 Rc8 29. f3 Nf6 30. e4 Ne8 31. e5 g6 32. f4 Ng7 33. d5 Nf5 34. d6 Nd4 35. Qb2 Qc5 36. Bf2 c3 37. Qa2 c2 38. d7 Ne2+ 39. Kf1 Nxc1 40. Bxc5 Nxa2 41. dxc8Q+ Kg7 42. Be3 Nb4 43. Bxb6 a4 44. Qc3 Kg8 45. Bd4 Kg7 46. e6+ Kf8 47. Bc5+ Ke8 48. exf7+ Kxf7 49. Bxb4 a3 50. Bxa3 g5 51. Qxc2 gxf4 52. Qf5+ Kg7 53. Bb2+ Kg8 54. Qf6 f3 55. Qg7# 1-0

[Event "Wch U10 rapid"]
[Site "Minsk"]
[Date "2018.06.23"]
[Round "9"]
[White "Karimov, Shakhrombek"]
[Black "Pershin, Patrik"]
[Result "0-1"]
[WhiteElo "1250"]
[BlackElo "1653"]
[PlyCount "132"]
[EventDate "2018.06.22"]
[EventType "swiss (rapid)"]
[EventRounds "9"]
[EventCountry "BLR"]
[SourceTitle "EXT 2019"]
[Source "ChessBase"]
[SourceDate "2018.10.10"]
[SourceVersion "1"]
[SourceVersionDate "2018.10.10"]
[SourceQuality "1"]

1. e4 c6 2. d4 d5 3. Nd2 dxe4 4. Nxe4 Bf5 5. Ng3 Bg6 6. Nh3 e6 7. Nf4 Qc7 8. h4 Bd6 9. Nxg6 hxg6 10. Ne4 Be7 11. h5 Qa5+ 12. Bd2 Qd5 13. Bd3 Rxh5 14. Rxh5 Qxh5 15. Qxh5 gxh5 16. 0-0-0 Nf6 17. Ng5 g6 18. c4 Nbd7 19. f3 Nb6 20. Rh1 Kf8 21. b3 Rd8 22. Be3 Kg8 23. Kc2 Ne8 24. Ne4 Ng7 25. g4 f5 26. Nf2 hxg4 27. fxg4 Nc8 28. Rg1 Kf7 29. Nh3 Bf6 30. gxf5 Nxf5 31. Bxf5 exf5 32. Kd3 Ne7 33. Ng5+ Bxg5 34. Bxg5 Rh8 35. Rg3 Nc8 36. c5 Rh5 37. Kc4 a6 38. a4 Rh2 39. Kd3 Rb2 40. Kc3 Re2 41. Kd3 Re4 42. Rh3 Kg7 43. Re3 Rxe3+ 44. Kxe3 Kf7 45. Kf4 Ne7 46. Ke5 Nd5 47. Bh6 Ke7 48. Bg5+ Kd7 49. Bd2 Ke7 50. Bg5+ Kf7 51. Bd2 Ke8 52. Bg5 Kd7 53. Bd2 f4 54. Bxf4 Nxf4 55. Kxf4 Ke6 56. Ke4 a5 57. d5+ cxd5+ 58. Kd4 g5 59. b4 axb4 60. a5 Kd7 61. Kxd5 b3 62. c6+ bxc6+ 63. Kc4 b2 64. a6 b1Q 65. a7 Qa2+ 66. Kd3 Qxa7 0-1

[Event "Wch U10 rapid"]
[Site "Minsk"]
[Date "2018.06.23"]
[Round "5"]
[White "Pershin, Patrik"]
[Black "Tokmantsev, Ivan"]
[Result "1/2-1/2"]
[WhiteElo "1653"]
[BlackElo "1824"]
[PlyCount "133"]
[EventDate "2018.06.22"]
[EventType "swiss (rapid)"]
[EventRounds "9"]
[EventCountry "BLR"]
[SourceTitle "EXT 2019"]
[Source "ChessBase"]
[SourceDate "2018.10.10"]
[SourceVersion "1"]
[SourceVersionDate "2018.10.10"]
[SourceQuality "1"]

1. d4 Nf6 2. c4 c5 3. e3 d5 4. Nf3 Bg4 5. Be2 e6 6. 0-0 Be7 7. Nc3 0-0 8. cxd5 Nxd5 9. Nxd5 Qxd5 10. b3 cxd4 11. Nxd4 Bxe2 12. Qxe2 Bf6 13. Bb2 e5 14. Nf3 Nc6 15. Rfd1 Qe6 16. Rd2 Rad8 17. Rad1 Rxd2 18. Rxd2 e4 19. Nd4 Nxd4 20. Bxd4 Rc8 21. h3 h6 22. Rd1 Bxd4 23. Rxd4 Qe5 24. Rd1 f5 25. g3 Kh7 26. Qd2 Rc7 27. Qe2 Qc5 28. Rd4 b5 29. Kg2 a6 30. Rd8 Rc6 31. Qh5 Rg6 32. Qd1 Qc6 33. Kh2 Qe6 34. Rf8 Rf6 35. Ra8 Qd6 36. Qh5 Qe5 37. Qd1 Rd6 38. Qc2 Qe6 39. Ra7 Rc6 40. Qd2 Qd6 41. Qe2 Qd3 42. Qh5 Qd5 43. Qf7 Qxf7 44. Rxf7 Kg6 45. Ra7 Kf6 46. Kg2 g6 47. g4 fxg4 48. hxg4 g5 49. a4 b4 50. Rb7 a5 51. Rb5 Rc3 52. Rxa5 Rxb3 53. Rb5 Rb2 54. a5 b3 55. a6 Ra2 56. Rxb3 Rxa6 57. Rb5 Re6 58. Kg3 Kg6 59. Rb8 Re5 60. Rb6+ Kg7 61. Kg2 Re7 62. Rd6 Re5 63. Kf1 Re7 64. Rc6 Re5 65. Rb6 Re7 66. Kg2 Re5 67. Kg3 1/2-1/2

[Event "EU-ch U08 26th"]
[Site "Prague"]
[Date "2016.08.27"]
[Round "9"]
[White "Pershin, Patrik"]
[Black "Levitan, Yaron"]
[Result "0-1"]
[WhiteElo "1252"]
[BlackElo "1443"]
[PlyCount "46"]
[EventDate "2016.08.18"]
[EventType "swiss"]
[EventRounds "9"]
[EventCountry "CZE"]
[SourceTitle "CBM 174 Extra"]
[Source "ChessBase"]
[SourceDate "2016.10.10"]
[SourceVersion "1"]
[SourceVersionDate "2016.10.10"]
[SourceQuality "1"]

1. d4 d5 2. c4 e6 3. Nc3 Be7 4. cxd5 exd5 5. Nf3 Nf6 6. Bg5 0-0 7. e3 b6 8. Bd3 Bb7 9. Bxf6 Bxf6 10. Qb1 h6 11. h4 c5 12. Ne2 Nc6 13. dxc5 bxc5 14. 0-0 Bxh4 15. Re1 Be7 16. Bb5 Qd6 17. Rd1 a6 18. Ba4 Rad8 19. Nc3 d4 20. Ne5 Bf6 21. exd4 Nxd4 22. Nf3 Rfe8 23. Nxd4 cxd4 0-1

[Event "EU-ch U08 26th"]
[Site "Prague"]
[Date "2016.08.25"]
[Round "7"]
[White "Pershin, Patrik"]
[Black "Tetyuev, Stepan"]
[Result "1-0"]
[WhiteElo "1252"]
[BlackElo "1350"]
[PlyCount "63"]
[EventDate "2016.08.18"]
[EventType "swiss"]
[EventRounds "9"]
[EventCountry "CZE"]
[SourceTitle "CBM 174 Extra"]
[Source "ChessBase"]
[SourceDate "2016.10.10"]
[SourceVersion "1"]
[SourceVersionDate "2016.10.10"]
[SourceQuality "1"]

1. d4 d5 2. c4 dxc4 3. e3 Nf6 4. Bxc4 e6 5. Nc3 c5 6. Nf3 a6 7. a4 Nc6 8. 0-0 Be7 9. Ne2 0-0 10. Qc2 h6 11. Rd1 Nb4 12. Qb3 Qc7 13. dxc5 Bxc5 14. Bd2 a5 15. Nc3 Bd7 16. Bb5 Bxb5 17. Nxb5 Qb6 18. Ne5 Rad8 19. Nc4 Qa6 20. Bc3 Ne4 21. Be5 f6 22. Bc7 Rd5 23. Bxa5 Nc6 24. Bc3 Nxc3 25. bxc3 Rdd8 26. Ncd6 Ne7 27. Qxe6+ Kh8 28. Qxe7 Rfe8 29. Qxb7 Qxb7 30. Nxb7 Rc8 31. N7d6 Bxd6 32. Nxd6 1-0